000
00232 a2200073 4500
245
0
_a
Opracowanie teorii uniwersalnej anteny średniofalowej /
_c
.
710
2
_a
Instytut Łączności.
_e
Wydawca
_4
pbl
260
_a
Warszawa :
_b
IŁ,
_c
2018.
300
_a
52 s.;
_c
30 cm.
999
_c
16321
_d
16321